Applications of visual attention models in clinical diagnostics
Gespeichert in:
| 1. Verfasser: | |
|---|---|
| Weitere Verfasser: | |
| Format: | Manuskript Buch |
| Sprache: | Slowakisch Englisch |
| Veröffentlicht: |
2023
|
| Schlagworte: | |
| Online-Zugang: | http://is.stuba.sk/zp/portal_zp.pl?podrobnosti=169841 |
| Tags: |
Keine Tags, Fügen Sie das erste Tag hinzu!
|
MARC
| LEADER | 00000ntm a22000003a 4500 | ||
|---|---|---|---|
| 001 | stuzp94858 | ||
| 003 | SK-STU | ||
| 005 | 20230909223338.6 | ||
| 007 | ta | ||
| 008 | 150427s2015----xo-----f-mn---000-0-slo-d | ||
| 040 | |a STU |b slo | ||
| 041 | 0 | |a eng | |
| 100 | 1 | |a Nemcová, Michaela |u 070400 |4 aut |U FIIT Fakulta informatiky a informačných technológií |T FIIT Ústav počítačového inžinierstva a aplikovanej informatiky |X 96987 |U I400 |Y 672 |7 96987 | |
| 242 | 0 | 1 | |a Aplikácie modelov vizuálnej pozornosti v klinickej diagnostike |y slo |
| 245 | 1 | 0 | |a Applications of visual attention models in clinical diagnostics |
| 260 | |c 2023 | ||
| 650 | 4 | |a neurónové siete |2 slo | |
| 650 | 4 | |a predikcia vizuálnej pozornosti |2 slo | |
| 650 | 4 | |a počítačové videnie |2 slo | |
| 650 | 4 | |a computer vision |2 eng | |
| 650 | 4 | |a neural networks |2 eng | |
| 650 | 4 | |a visual saliency prediction |2 eng | |
| 700 | 1 | |a Laco, Miroslav |u 070400 |k Z1 |4 ths |U FIIT Fakulta informatiky a informačných technológií |T FIIT Ústav počítačového inžinierstva a aplikovanej informatiky |X 72202 |U I400 |Y 672 |7 72202 | |
| 856 | 4 | |u http://is.stuba.sk/zp/portal_zp.pl?podrobnosti=169841 | |